Trujamán : temas de naturaleza y sociedad [con ejercicios] : 3
Salvato in:
| Autore principale: | |
|---|---|
| Altri autori: | |
| Natura: | Libro |
| Lingua: | spagnolo |
| Pubblicazione: |
Barcelona :
Teide,
1977
|
| Edizione: | 4a ed. |
| Catalogo: | MANES: Risultati della ricerca del catalogo della biblioteca |
| Libro di testo Classificazione: |
|
| Tags: |
Aggiungi Tag
Nessun Tag, puoi essere il primo ad aggiungerne!!
|
| Aggiunto a: | 2005-06-16 |
| Cambiato in: | 2025-05-07 |
MARC
| LEADER | 00000nam a2200000 a 4500 | ||
|---|---|---|---|
| 001 | .b5469496 | ||
| 003 | ES-BaCBU | ||
| 005 | 20250507130141.0 | ||
| 008 | 050617s1977 spca b|l 001 ||spa|c | ||
| 017 | |a DL B. 18813-1977 | ||
| 020 | |a 843072527X | ||
| 035 | |a 843072527X |9 ES-BaUB001 |a 0883-74560 |9 ES-BaUB035 | ||
| 040 | |a ES-BaCBU |b cat |c ES-BaCBU |d ES-BaUB | ||
| 100 | 1 | |a Mir, Marina |9 31600 | |
| 245 | 1 | 0 | |a Trujamán : |b temas de naturaleza y sociedad [con ejercicios] : 3 / |c [Marina Mir, J. Ruiz Calonja] |
| 250 | |a 4a ed. | ||
| 260 | |a Barcelona : |b Teide, |c 1977 | ||
| 300 | |a 147 p.: |b il. col.; |c 30 cm | ||
| 504 | |a índex | ||
| 546 | |a España | ||
| 561 | |5 es-CRAI |3 p1 TX EGB 6/3 TEI |a España. Biblioteca Universitat de Barcelona |k MANES | ||
| 690 | 0 | |a CN |a CS | |
| 691 | 0 | |a PRI | |
| 700 | 1 | |a Ruiz Calonja, Joan, |d 1923- |9 33405 | |
| 856 | |y Registro en Cercabib - CRAI | ||
| 942 | |2 ddc |c BK | ||
| 999 | |c 89983 |d 89983 | ||
| 999 | |c manes:89983 |d 89983 | ||